| 000 | 00674nam a2200205 a 4500 | ||
|---|---|---|---|
| 005 | 20140310183215.0 | ||
| 008 | 030415s19uu xx 00 eng d | ||
| 020 | _a0205143500060 | ||
| 050 |
_aLB 1027.5 _b.Sch2585 1993 |
||
| 100 | _aSchmidt, John J. | ||
| 245 |
_aCounseling in Schools : _bEssential services and comprehensive program / _cJohn J. Schmidt. |
||
| 260 |
_aBoston : _bAllyn & Bacon, _c1993. |
||
| 300 |
_a372 p. : _c25 cm. |
||
| 521 | _aEDU | ||
| 650 | _aCounseling in elementary education | ||
| 650 |
_aCounseling in the middle school education _xUnited States |
||
| 650 | _aCounseling in secondary education | ||
| 942 |
_cBK _2lcc _kFOR |
||
| 999 |
_c20227 _d20227 |
||